Catálogo público

Reporte de unidades representativas de producción pecuaria: panorama económico 2008-2018 / edición Gloria Villa Hernández (Record no. 217121)

MARC details
000 -CABECERA
campo de control de longitud fija 00966nam a2200277Ia 4500
001 - NÚMERO DE CONTROL
campo de control Z_6362
008 - DATOS DE LONGITUD FIJA--INFORMACIÓN GENERAL
campo de control de longitud fija 220601s9999 xx 000 0 und d
020 ## - NÚMERO INTERNACIONAL ESTÁNDAR DEL LIBRO
Número Internacional Estándar del Libro 978-607-12-0126-3
082 ## - NÚMERO DE LA CLASIFICACIÓN DECIMAL DEWEY
Número de clasificación 636.08 U234
110 ## - ENTRADA PRINCIPAL--NOMBRE DE ENTIDAD CORPORATIVA
Nombre de entidad corporativa o nombre de jurisdicción como elemento de entrada México. Universidad Autónoma Chapingo
245 ## - MENCIÓN DE TÍTULO
Título Reporte de unidades representativas de producción pecuaria: panorama económico 2008-2018 / edición Gloria Villa Hernández
260 ## - PUBLICACIÓN, DISTRIBUCIÓN, ETC.
Lugar de publicación, distribución, etc. México : UACh: SAGARPA
300 ## - DESCRIPCIÓN FÍSICA
Extensión 118 p.
503 ## - NOTA DE HISTORIA BIBLIOGRÁFICA (BK CF MU) [OBSOLETO]
Nota de historia bibliográfica ej.1 - ej.5: Donado por: Pof. Myriam Sagarnaga Villegas
650 ## - PUNTO DE ACCESO ADICIONAL DE MATERIA--TÉRMINO DE MATERIA
Término de materia o nombre geográfico como elemento de entrada 1. Ganado -- Produccion
650 ## - PUNTO DE ACCESO ADICIONAL DE MATERIA--TÉRMINO DE MATERIA
Término de materia o nombre geográfico como elemento de entrada Politica alimentaria
9 (RLIN) 90389
650 ## - PUNTO DE ACCESO ADICIONAL DE MATERIA--TÉRMINO DE MATERIA
Término de materia o nombre geográfico como elemento de entrada Alimentos -- Investigacion
650 ## - PUNTO DE ACCESO ADICIONAL DE MATERIA--TÉRMINO DE MATERIA
Término de materia o nombre geográfico como elemento de entrada Politica agricola.
9 (RLIN) 90283
700 ## - PUNTO DE ACCESO ADICIONAL--NOMBRE DE PERSONA
Nombre de persona Villa Hernandez, Gloria, ed.
710 ## - PUNTO DE ACCESO ADICIONAL--NOMBRE DE ENTIDAD CORPORATIVA
Nombre de entidad corporativa o nombre de jurisdicción como elemento de entrada México. Universidad Autónoma Chapingo \ SAGARPAÌ
901 ## - ELEMENTOS DE DATOS A LOCAL LDA (RLIN)
a 636.08 U234
902 ## - ELEMENTOS DE DATOS B LOCAL, LDB (RLIN)
a M
905 ## - ELEMENTOS DE DATOS E LOCAL, LDE (RLIN)
a 5232272010 mx abmn8223113311spa16
942 ## - ELEMENTOS DE PUNTO DE ACCESO ADICIONAL (KOHA)
Tipo de ítem Koha Libro_
Holdings
Estado de retiro Estado de pérdida Fuente del sistema de clasificación o colocación Estado dañado No para préstamo Código de colección Localización permanente Ubicación/localización actual Ubicación en estantería Fecha de adquisición Total de préstamos Código de barras Fecha visto por última vez Número de copia Precio válido a partir de Tipo de ítem Koha
    Dewey Decimal Classification     General Zootecnia Zootecnia   03/07/2013   z_6100 02/06/2022 5 02/06/2022 Libro
    Dewey Decimal Classification     General Zootecnia Zootecnia   03/07/2013   z_6096 02/06/2022 1 02/06/2022 Libro
    Dewey Decimal Classification     General Zootecnia Zootecnia   03/07/2013   z_6097 02/06/2022 2 02/06/2022 Libro
    Dewey Decimal Classification     General Zootecnia Zootecnia   03/07/2013   z_6098 02/06/2022 3 02/06/2022 Libro
    Dewey Decimal Classification     General Zootecnia Zootecnia   03/07/2013   z_6099 02/06/2022 4 02/06/2022 Libro